Name the Video Game from the Clue - Statistics

General Stats
  • This quiz has been taken 29 times
  • The average score is 6 of 15
Answer Stats
Hint Answer % Correct
Four Sewer-Dwelling Reptilians with a love for Pizza Teenage Mutant Ninja Turtles
95%
Obliterating demons to the sound of metal music in a flash of blood and gore Doom
76%
Mario's green bro has an adventure through a ghostly estate. Luigi's Mansion
67%
Paintball-inspired nintendo shooter Splatoon
43%
Multiplayer horror game where you try to escape the killer in a 4v1 mode Dead by Daylight
38%
Game where you play as a Goose, your one goal being to annoy people and ruin their day in the stupidest way possible Untitled Goose Game
38%
A cordyceps variant runs rampant until very few are left The Last of Us
33%
Hilariously over-the-top action game featuring a heroine with a skintight outfit of her own hair. Bayonetta
29%
Gothic horror-style twist on a medieval franchise, includes disturbing bosses such as the Orphan of Kos Bloodborne
29%
Zelda game featuring motion controls and a fabulous character with a particularly pompous hairstyle Skyward Sword
29%
You play not only as an intimidating warlord but as a caring father God of War
24%
Stardew-valley predecessor on the SNES Harvest Moon
24%
Stop a villain threatening to destroy the world with a dagger, all in a desert landscape Prince of Persia
24%
Featured in Stranger Things, arcade game where you burrow away from monsters trying to kill you Dig Dug
19%
Difficult indie masterpiece where you must save a fallen kingdom from infection, fighting tons of tough bosses along your way Hollow Knight
14%
No matching quizzes found
Score Distribution
Percent of People with Each Score
Percentile by Number Answered
Your Score History
You have not taken this quiz